Welcome to CU Library Online Public Access Catalogue (OPAC)

The Paul quest : (Record no. 8873)

MARC details
000 -LEADER
fixed length control field 00617pam a2200193 a 4500
001 - CONTROL NUMBER
control field 3086825
005 - DATE AND TIME OF LATEST TRANSACTION
control field 20260304133810.0
008 - FIXED-LENGTH DATA ELEMENTS--GENERAL INFORMATION
fixed length control field 980608s1998 ilu b 001 0 eng
020 ## - INTERNATIONAL STANDARD BOOK NUMBER
International Standard Book Number 0830815031
Qualifying information alk. paper
020 ## - INTERNATIONAL STANDARD BOOK NUMBER
International Standard Book Number 0830826602
Qualifying information paper ed.
020 ## - INTERNATIONAL STANDARD BOOK NUMBER
International Standard Book Number 9780830815036
Qualifying information (alk. paper)
050 00 - LIBRARY OF CONGRESS CALL NUMBER
Classification number BS2506
Item number .W56 1998
082 00 - DEWEY DECIMAL CLASSIFICATION NUMBER
Classification number 225.9/2
-- B
Edition information 21
100 1# - MAIN ENTRY--PERSONAL NAME
Personal name Witherington, Ben,
Titles and words associated with a name III,
Dates associated with a name 1951-
245 14 - TITLE STATEMENT
Title The Paul quest :
Remainder of title the renewed search for the Jew of Tarsus /
Statement of responsibility, etc. Ben Witherington III.
260 ## - PUBLICATION, DISTRIBUTION, ETC.
Place of publication, distribution, etc. Downers Grove, Ill. :
Name of publisher, distributor, etc. InterVarsity Press,
Date of publication, distribution, etc. c1998.
300 ## - PHYSICAL DESCRIPTION
Extent 347 p. ;
Dimensions 24 cm.
942 ## - ADDED ENTRY ELEMENTS (KOHA)
Source of classification or shelving scheme Library of Congress Classification
Koha item type Books
Suppress in OPAC No
999 ## -
-- 8873
-- 8873
Holdings
Withdrawn status Lost status Source of classification or shelving scheme Damaged status Not for loan Collection Home library Current library Shelving location Date acquired Total checkouts Full call number Barcode Date last seen Copy number Price effective from Koha item type
    Library of Congress Classification     Non-fiction Business Library (Miotso) Business Library (Miotso) General stacks 03/04/2026   BS2506 .W56 1998 BSSM00002418 03/04/2026 1 03/04/2026 Books
© 2023-2024 Copyright: Central University Libraries. All Rights Reserved | Created by: Mahone Tech Office